000 00656nam a22002297a 4500
999 _c4274
_d4274
003 AR-CdUCM
008 190308b ||||| |||| 00| 0 eng d
020 _a968-16-1898-X
040 _aMUNICIPALIDAD PROVINCIAL DEL CUSCO
_cBIBLIOTECA MUNICIPAL DEL CUSCO
082 _a869.15 /
_bR91
100 _aRubín, Ramón
_913514
245 _aEl Canto de la Grilla /
260 _aMexico :
_bFondo de Cultura Economico,
_c1984.
300 _a161 paginas ;
_c21cm.
440 _aLecturas Mexicanas
_n88
_913515
505 _aHistoria
650 _aMexico
_918
650 _aLiteratura
_983
650 _aSIglo XX
_97898
942 _2ddc
_cLIBROS
945 _apjha